<?xml version="1.0" encoding="UTF-8"?>
<record
    xmlns:xsi="http://www.w3.org/2001/XMLSchema-instance"
    xsi:schemaLocation="http://www.loc.gov/MARC21/slim http://www.loc.gov/standards/marcxml/schema/MARC21slim.xsd"
    xmlns="http://www.loc.gov/MARC21/slim">

  <leader>03113nam a2200373 i 4500</leader>
  <controlfield tag="003">CO-MdUADB</controlfield>
  <controlfield tag="005">20240224085529.0</controlfield>
  <controlfield tag="007">ta</controlfield>
  <controlfield tag="008">230810s2016    ag ||||gr|||| 00| 0 spa d</controlfield>
  <datafield tag="020" ind1=" " ind2=" ">
    <subfield code="a">9789876296724</subfield>
  </datafield>
  <datafield tag="040" ind1=" " ind2=" ">
    <subfield code="a">CO-MdUADB</subfield>
    <subfield code="b">spa</subfield>
    <subfield code="c">CO-MdUADB</subfield>
    <subfield code="e">rda</subfield>
  </datafield>
  <datafield tag="041" ind1="0" ind2=" ">
    <subfield code="a">spa</subfield>
  </datafield>
  <datafield tag="082" ind1=" " ind2=" ">
    <subfield code="a">340</subfield>
  </datafield>
  <datafield tag="100" ind1="1" ind2=" ">
    <subfield code="9">853870</subfield>
    <subfield code="a">Saba, Roberto</subfield>
    <subfield code="e">aut</subfield>
  </datafield>
  <datafield tag="245" ind1="1" ind2="0">
    <subfield code="a">M&#xE1;s all&#xE1; de la igualdad formal ante la ley :</subfield>
    <subfield code="b">&#xBF;Qu&#xE9; les debe el Estado a los grupos desaventajados?</subfield>
  </datafield>
  <datafield tag="250" ind1=" " ind2=" ">
    <subfield code="a">1. edici&#xF3;n</subfield>
  </datafield>
  <datafield tag="264" ind1=" " ind2="1">
    <subfield code="a">Buenos Aires :</subfield>
    <subfield code="b">Siglo Veintiuno Editores,</subfield>
    <subfield code="c">2016</subfield>
  </datafield>
  <datafield tag="300" ind1=" " ind2=" ">
    <subfield code="a">302 p&#xE1;ginas</subfield>
  </datafield>
  <datafield tag="336" ind1=" " ind2=" ">
    <subfield code="2">rdacontent</subfield>
    <subfield code="a">texto</subfield>
    <subfield code="b">txt</subfield>
  </datafield>
  <datafield tag="337" ind1=" " ind2=" ">
    <subfield code="a">no mediado</subfield>
  </datafield>
  <datafield tag="338" ind1=" " ind2=" ">
    <subfield code="a">vol&#xFA;men</subfield>
  </datafield>
  <datafield tag="490" ind1="1" ind2=" ">
    <subfield code="a">(Colecci&#xF3;n Derecho y Pol&#xED;tica / dirigida por Roberto Gargarella y Paola Bergallo)</subfield>
  </datafield>
  <datafield tag="505" ind1="0" ind2="0">
    <subfield code="t">Presentaci&#xF3;n /</subfield>
    <subfield code="r">Roberto Gargarella y</subfield>
    <subfield code="r">Paola Bergallo.--</subfield>
    <subfield code="t">Pr&#xF3;logo. C&#xF3;mo hacer para que la Constituci&#xF3;n sea una verdad viviente /</subfield>
    <subfield code="r">Owen Fiss.--</subfield>
    <subfield code="t">Introducci&#xF3;n.--</subfield>
    <subfield code="t">Agradecimientos.--</subfield>
    <subfield code="t">Desigualdad estructural.--</subfield>
    <subfield code="t">Igualdad, clases y clasificaciones. &#xBF;Qu&#xE9; es lo sospechoso de las categor&#xED;as sospechosas?--</subfield>
    <subfield code="t">Igualdad de trato entre particulares.--</subfield>
    <subfield code="t">Control de constitucionalidad y desigualdad estructural.--</subfield>
    <subfield code="t">Ep&#xED;logo. Desigualdad estructural y pobreza.--</subfield>
    <subfield code="t">Fuentes.</subfield>
  </datafield>
  <datafield tag="520" ind1="3" ind2=" ">
    <subfield code="a">En este notable libro, Roberto Saba despliega un magistral an&#xE1;lisis de las constituciones de Am&#xE9;rica Latina, el derecho internacional de los derechos humanos y la doctrina de las cortes supremas estadounidense y argentina, para proponer una concepci&#xF3;n in&#xE9;dita en el campo del derecho, en cuanto considera la igualdad como no subordinaci&#xF3;n de grupos. Desde esta perspectiva, los &#xF3;rganos de justicia deben involucrarse en la exigencia de espacios fundamentales para la vida de la comunidad: sus decisiones tienen que tomar en consideraci&#xF3;n al conjunto de ciudadanos cuyos derechos se ven afectados, en vez de limitarse a casos individuales. A partir de un s&#xF3;lido y claro desarrollo conceptual, el autor analiza el modo en que ese nuevo paradigma de igualdad puede regular no s&#xF3;lo la acci&#xF3;n del Estado, sino tambi&#xE9;n las relaciones entre particulares (como sucede con los contratos o el derecho de asociaci&#xF3;n) y los est&#xE1;ndares para la decisi&#xF3;n judicial. A la vez, propone que los tribunales se involucren en el reclamo de pol&#xED;ticas p&#xFA;blicas que desmantelen las situaciones en que normas y pr&#xE1;cticas del Estado -y de los particulares- someten a ciertos grupos. El lector encontrar&#xE1; en estas p&#xE1;ginas una reflexi&#xF3;n ineludible para promover el desarrollo de la autonom&#xED;a de todos los integrantes de la sociedad y una aut&#xE9;ntica igualdad ante la ley. (Tomado de la cubierta).</subfield>
  </datafield>
  <datafield tag="650" ind1="1" ind2="7">
    <subfield code="2">lemb</subfield>
    <subfield code="9">15901</subfield>
    <subfield code="a">Desigualdad social</subfield>
  </datafield>
  <datafield tag="650" ind1="1" ind2="7">
    <subfield code="2">lemb</subfield>
    <subfield code="9">30132</subfield>
    <subfield code="a">Igualdad ante la ley</subfield>
  </datafield>
  <datafield tag="650" ind1="1" ind2="7">
    <subfield code="2">lemb</subfield>
    <subfield code="a">Justicia social</subfield>
    <subfield code="9">69339</subfield>
  </datafield>
  <datafield tag="700" ind1="1" ind2=" ">
    <subfield code="9">726746</subfield>
    <subfield code="a">Bergallo, Paola</subfield>
    <subfield code="e">win</subfield>
  </datafield>
  <datafield tag="700" ind1="1" ind2=" ">
    <subfield code="9">854063</subfield>
    <subfield code="a">Garganella, Roberto</subfield>
    <subfield code="e">win</subfield>
  </datafield>
  <datafield tag="700" ind1="1" ind2=" ">
    <subfield code="9">368824</subfield>
    <subfield code="a">Fiss, Owen M.,</subfield>
    <subfield code="d">1938-</subfield>
    <subfield code="e">wpr</subfield>
  </datafield>
  <datafield tag="700" ind1="1" ind2=" ">
    <subfield code="9">413363</subfield>
    <subfield code="a">Ubaldini, Gabriela</subfield>
    <subfield code="e">trl</subfield>
  </datafield>
  <datafield tag="830" ind1=" " ind2="0">
    <subfield code="a">Derecho y Pol&#xED;tica (Siglo XXI Editores)</subfield>
    <subfield code="9">854057</subfield>
  </datafield>
  <datafield tag="942" ind1=" " ind2=" ">
    <subfield code="2">ddc</subfield>
    <subfield code="c">BOOK</subfield>
  </datafield>
  <datafield tag="999" ind1=" " ind2=" ">
    <subfield code="c">848901</subfield>
    <subfield code="d">848901</subfield>
  </datafield>
  <datafield tag="952" ind1=" " ind2=" ">
    <subfield code="0">0</subfield>
    <subfield code="1">0</subfield>
    <subfield code="2">ddc</subfield>
    <subfield code="4">0</subfield>
    <subfield code="7">0</subfield>
    <subfield code="8">GENERAL</subfield>
    <subfield code="a">BC</subfield>
    <subfield code="b">BC</subfield>
    <subfield code="d">2023-08-10</subfield>
    <subfield code="e">Donaci&#xF3;n</subfield>
    <subfield code="f">DONA</subfield>
    <subfield code="g">22000.00</subfield>
    <subfield code="l">1</subfield>
    <subfield code="o">340.115 S113</subfield>
    <subfield code="p">01105670</subfield>
    <subfield code="r">2025-01-21 00:00:00</subfield>
    <subfield code="s">2024-11-18</subfield>
    <subfield code="w">2023-08-10</subfield>
    <subfield code="y">BOOK</subfield>
  </datafield>
</record>
